Συγκριτισμός και ιστορία της λογοτεχνίας
Saved in:
| Main Author: | |
|---|---|
| Format: | Book |
| Language: | Greek |
| Published: |
Αθήνα :
Επικαιρότητα,
1988
|
| Subjects: | |
| Tags: |
Add Tag
No Tags, Be the first to tag this record!
|
MARC
| LEADER | 00000cam a2200000 i 4500 | ||
|---|---|---|---|
| 001 | 1/87742 | ||
| 008 | 931209s1988 gr | ||| |||| ||gre|| | ||
| 035 | |a 1990 |b 1 |c Αγορά/Αναγνωστοπούλου |l 10035321 | ||
| 040 | |a GR-MY-UA |b gre |e aacr | ||
| 041 | 0 | |a gre | |
| 082 | 0 | |a 809 | |
| 100 | 1 | |a Σιαφλέκης, Ζάχος Ι. | |
| 245 | 1 | 0 | |a Συγκριτισμός και ιστορία της λογοτεχνίας / |c Ζ. Ι. Σιαφλέκης |
| 260 | |a Αθήνα : |b Επικαιρότητα, |c 1988 | ||
| 300 | |a 212 σ. | ||
| 650 | 0 | 0 | |a Literature |x History and criticism. |
| 650 | 0 | 0 | |a Comparative literature. |
| 852 | |a INST |b RHODES |e 19931209 |h 809 ΣΙΑ |p 005400002846 |q 005400002846 |t BK |y 0 | ||
| 852 | |a INST |b RHODES |e 19970305 |h 809 ΣΙΑ |p 005400010136 |q 005400010136 |t BK |y 0 | ||
| 909 | |a Ρ |b 015947 | ||